00254nam a2200121Ia 4500100001900000650002200019366000700041245002200048260001600070082001400086300000900100546002300109 aChakraborty/P  aOperating systems f20 aOperating Systems bJaicoc2011 a5.43bCHA a1016 aENGLISHcComputers